LIBRARY & INFORMATION CENTRE, KCAET, TAVANUR

ONLINE PUBLIC ACCESS CATALOGUE (OPAC)

Ecology and evolution of the grass-endophyte symbiosis / (Record no. 13757)

MARC details
000 -LEADER
fixed length control field 00587cam a22001934a 4500
020 ## - INTERNATIONAL STANDARD BOOK NUMBER
ISBN 0195308085 (cloth : alk. paper)
020 ## - INTERNATIONAL STANDARD BOOK NUMBER
ISBN 9780195308082 (cloth : alk. paper)
082 00 - DEWEY DECIMAL CLASSIFICATION NUMBER
Classification number 584.91785
Item number CHE/EC
100 1# - MAIN ENTRY--AUTHOR NAME
Personal name Cheplick, G. P.
245 10 - TITLE STATEMENT
Title Ecology and evolution of the grass-endophyte symbiosis /
260 ## - PUBLICATION, DISTRIBUTION, ETC. (IMPRINT)
Place of publication Oxford ;
-- New York :
Name of publisher Oxford University Press,
Year of publication 2009.
300 ## - PHYSICAL DESCRIPTION
Number of Pages ix, 241 p. :
Other physical details ill. ;
650 #0 - SUBJECT ADDED ENTRY--TOPICAL TERM
Topical Term Endophytic fungi.
650 #0 - SUBJECT ADDED ENTRY--TOPICAL TERM
Topical Term Grasses
650 #0 - SUBJECT ADDED ENTRY--TOPICAL TERM
Topical Term Plant-fungus relationships.
650 #0 - SUBJECT ADDED ENTRY--TOPICAL TERM
Topical Term Endosymbiosis.
700 1# - ADDED ENTRY--PERSONAL NAME
Personal name Faeth, Stanley H.,
942 ## - ADDED ENTRY ELEMENTS (KOHA)
Koha item type Books
Holdings
Withdrawn status Lost status Damaged status Collection code Home library Current library Shelving location Date acquired Source of acquisition Cost, normal purchase price Full call number Accession Number Koha item type
        KAUAET KAUAET General Stacks 31/03/2012 Universal Research Books, TCR 4105.00 584.91785 CHE/EC 23349 Books
free website counter